|
|
|
|
| LEADER |
00934nam a22002052a 4500 |
| 001 |
000798795 |
| 003 |
CZ BrMZK |
| 005 |
20051123134535.0 |
| 007 |
ta |
| 008 |
051123s1939 xr er|||||||||||cze d |
| 040 |
|
|
|a ABA001
|b cze
|c HKA001
|d ABA001
|
| 100 |
1 |
|
|a Strnad, Emanuel,
|d 1894-1985
|7 jk01121439
|4 com
|
| 245 |
1 |
0 |
|a Boleslavsko :
|b vlastivědná četba dodatková pro obecné i měšťanské školy.
|n Díl 2, pro 5. postupný ročník /
|c za součinnosti učitelstva okresu sestavil Emanuel Strnad a Čeněk Novotný ; obrázky Jana Kobzáně
|
| 260 |
|
|
|a Praha :
|b Československá grafická Unie,
|c 1939
|
| 300 |
|
|
|a 139 s. :
|b [I] obr. příl. ;
|c 8°
|
| 700 |
1 |
|
|a Novotný, Čeněk,
|d 1903-1972
|7 jk01090651
|4 com
|
| 910 |
|
|
|a BOA001
|b PK-0040.446,2
|
| 964 |
|
|
|a Mladá Boleslav (okres) - vlastivěda - školy měšťanské
|
| 990 |
|
|
|a BK
|
| 996 |
7 |
|
|b 3119695290
|c PK-0040.446,2
|l MZK
|r Sklad / do 1 hodiny
|n 1
|w 000798795
|u 000010
|a 1
|e BOA001
|j MZK50
|s A
|